[Event "Mumbai Mayors Cup 2nd"]
[Site "Mumbai"]
[Date "2009.05.09"]
[Round "10"]
[White "Saravana, Krishnan P"]
[Black "Temirbayev, Serikbay"]
[Result "1/2-1/2"]
[WhiteElo "2326"]
[BlackElo "2458"]
[PlyCount "151"]
[EventDate "2009.05.01"]
[EventType "swiss"]
[EventRounds "11"]
[EventCountry "IND"]
[SourceTitle "CBM 130 Extra"]
[Source "ChessBase"]
[SourceDate "2009.07.02"]
[SourceVersion "2"]
[SourceVersionDate "2009.07.15"]
[SourceQuality "1"]

1. e4 e6 2. d4 d5 3. Nd2 c5 4. Ngf3 Nc6 5. exd5 exd5 6. Bb5 Bd6 7. dxc5 Bxc5 8. 0-0 Nge7 9. Nb3 Bd6 10. Re1 0-0 11. Bd3 h6 12. h3 Nf5 13. c3 Qf6 14. Bc2 Rd8 15. Qd3 g6 16. Bd2 a5 17. a4 b6 18. Be3 Bc7 19. Nbd4 Nxe3 20. Qxe3 Bf4 21. Qe2 Ba6 22. Bd3 Nxd4 23. Nxd4 Bxd3 24. Qxd3 Rac8 25. Re2 Rc4 26. Rae1 Kg7 27. Re7 Bd6 28. Ne6+ Kg8 29. Rxf7 Qxf7 30. Nxd8 Qf5 31. Qxf5 gxf5 32. Rd1 Rxa4 33. Kf1 Ra2 34. Rxd5 Be7 35. Nc6 Bc5 36. Rd2 a4 37. Ke2 Kg7 38. Nd4 Bxd4 39. cxd4 Kf7 40. Kd3 Ke6 41. g4 fxg4 42. hxg4 Kd5 43. Re2 b5 44. Kc3 b4+ 45. Kd3 a3 46. Re5+ Kd6 47. bxa3 bxa3 48. f4 Rg2 49. Ra5 Rxg4 50. Ke4 Rg3 51. Ra6+ Ke7 52. Rxh6 a2 53. Ra6 Rg2 54. f5 Re2+ 55. Kd3 Rf2 56. Ke4 Re2+ 57. Kf3 Rb2 58. d5 Rd2 59. Ke4 Re2+ 60. Kf3 Rd2 61. f6+ Kf7 62. Ke4 a1Q 63. Rxa1 Kxf6 64. Ra7 Rd1 65. Rh7 Rd2 66. Rh1 Ke7 67. Ke5 Re2+ 68. Kd4 Rd2+ 69. Kc4 Rc2+ 70. Kd3 Rg2 71. Kd4 Rd2+ 72. Ke4 Re2+ 73. Kd3 Rg2 74. Rh6 Rg4 75. Re6+ Kd7 76. Ra6 1/2-1/2